A PCR technika és alkalmazása a klinikai diagnosztikában

Elmentve itt :
Bibliográfiai részletek
Szerző: Kiss Mária
Dokumentumtípus: Cikk
Megjelent: 1995
Sorozat:LEGE ARTIS MEDICINAE 5
Tárgyszavak:
mtmt:1623941
Online Access:http://publicatio.bibl.u-szeged.hu/32516
LEADER 00626nab a2200193 i 4500
001 publ32516
005 20250305102025.0
008 250305s1995 hu o 000 hun d
022 |a 0866-4811 
024 7 |a 1623941  |2 mtmt 
040 |a SZTE Publicatio Repozitórium  |b hun 
041 |a hun 
100 1 |a Kiss Mária 
245 1 2 |a A PCR technika és alkalmazása a klinikai diagnosztikában  |h [elektronikus dokumentum] /  |c  Kiss Mária 
260 |c 1995 
300 |a 1108-1113 
490 0 |a LEGE ARTIS MEDICINAE  |v 5 
650 4 |a Klinikai orvostan 
856 4 0 |u http://publicatio.bibl.u-szeged.hu/32516/1/aok_klny_325_95.pdf  |z Dokumentum-elérés